000 00343nam a2200121Ia 4500
008 200619s9999 xx 000 0 und d
100 _aNagabhushana D. S.
245 0 _aLohia : Vyakthi – Vichara – Vimarsa
264 _bLohia PrakashanaKshithija
300 _a288
942 _cIR
999 _c120196
_d120196